| 000 | 00456nam a22001457a 4500 | ||
|---|---|---|---|
| 082 |
_a297.124 _bMAR _cL-31, P-6 |
||
| 100 |
_aMaulana Mohammad Manzoor Nomani _947075 |
||
| 245 |
_aمعارفُ الحدیث _cMaulana Mohammad ManzoorNomani |
||
| 260 |
_aLahore. _bUmar farooq academy. |
||
| 300 |
_a248 p. _bill. _c24 cm. |
||
| 526 |
_a0 _b0 _c0 _d297_124000000000000_MAR |
||
| 526 |
_a0 _b0 _c0 _d297_124000000000000_MAR |
||
| 650 |
_aMCE _9379 |
||
| 942 |
_2ddc _cBK |
||
| 999 |
_c550373 _d550373 |
||